Languages of Taiwan - Statistics

General Stats
  • This quiz has been taken 476 times
    473 since last reset
  • The average score is 16 of 41
Answer Stats
Population Language % Correct
19,580,000 Taiwanese Mandarin (臺灣華語)
96%
15,300 English
89%
14,100 Japanese
87%
4,200 Korean
80%
87,719 *Cantonese
79%
2,708 *French
78%
2,261 *Spanish
77%
239,000 Indonesian/Javanese
75%
194,000 Vietnamese
75%
149,000 Tagalog
72%
13,500,000 Taiwanese Hokkien (including Kinmen)(臺灣閩南語,含金門話)
70%
64,800 Thai
70%
1,318 *German
68%
15,800 Malay
68%
639 *Russian
66%
501 *Portuguese
64%
527 *Italian
58%
4,592 *Khmer
57%
601 *Dutch
50%
4,240,000 Taiwanese Hakka (臺灣客家語)
47%
1,803 *Burmese
46%
513 *Mongolian
34%
2,000 Tibetan
15%
108,000 Amis(阿美語)
13%
12,000 *Matsu dialect, Eastern Min (馬祖閩東語)
13%
15,000 Paiwan(排灣語)
11%
24,000 Taiwan Sign Language (臺灣手語)
9%
10,000 Atayal(泰雅語)
8%
38,000 Bunun(布農語)
8%
3,800 Yami (Tao)(達悟語)
8%
0 Thao(邵語)
7%
2,000 Rukai(魯凱語)
6%
650 Seediq/Truku(賽德克語/太魯閣語)
6%
4,000 Tsou(鄒語)
6%
669 *Wuqiu dialect, Puxian Min (烏坵莆仙語)
6%
70 Kavalan(噶瑪蘭語)
5%
1,000 Puyuma(卑南語)
5%
4 Kanakanabu(卡那卡那富語)
4%
25 Saaroa(拉阿魯哇語)
4%
2,000 Saisiyat(賽夏語)
4%
590 Sakizaya(撒奇萊雅語)
4%
No matching quizzes found
Score Distribution
Percent of People with Each Score
Percentile by Number Answered
Your Score History
You have not taken this quiz since the last reset